| 000 | 01602nam a2200337 a 4500 | ||
|---|---|---|---|
| 003 | AM-YeHGA | ||
| 040 | _aAM-YeHGA | ||
| 090 | _c499674 | ||
| 001 | 001161875 | ||
| 005 | 20250617162828.0 | ||
| 008 | 160706m19271930ru ad|||r|||||001|0|rus|d | ||
| 041 | 0 | _arus | |
| 245 | 0 | 0 |
_aТруды физиологического отделения : _b(Вып. 1-3) / _cГос. Тимирязев. науч.-исслед. ин-т ; Под ред. И.П. Разенкова. |
| 246 | 1 | 1 | _aPhysiologische abteilung herausgegeben von Prof. J.P. Razenkow |
| 260 |
_aМосква : _bИзд-во Коммун. акад., _c1927- _c1930. |
||
| 300 |
_aВып. ; _c20 см. |
||
| 504 | _aБиблиогр. в подстроч. примеч. | ||
| 505 | 1 | 0 |
_gВып. 2 [1929, 80 с., ил.] / _rАвт.: Е.Б. Бабский, И.П. Чукачев, И.В. Малкиман, А.Н. Магницкий и др. _gВып. 3 [1930, 140 с., ил., табл.] / _rАвт. Г.Ю. Гринберг, В.С. Брандгендлер и др. |
| 650 | 1 | 4 | _aМедицина |
| 650 | 1 | 4 | _aФизиология |
| 650 | 1 | 4 | _aФизиология человека |
| 700 | 1 | _aБабский, Е.Б. | |
| 700 | 1 | _aЧукачев, И.П. | |
| 700 | 1 | _aМалкиман, И.В. | |
| 700 | 1 | _aМагницкий, А.Н. | |
| 700 | 1 | _aГринберг, Г.Ю. | |
| 700 | 1 | _aБрандгендлер, В.С. | |
| 700 | 1 |
_aРазенков, И.П. _eред. _4edt |
|
| 710 | 2 | _aГосударственный Тимирязевский научно-исследовательский институт | |
| 942 |
_2udc _cBK |
||
| 999 |
_c496284 _d496284 |
||